| 000 | 01420cam a2200373 a 4500 | ||
|---|---|---|---|
| 005 | 20260322212044.0 | ||
| 008 | data | ||
| 010 | _a 2001019366 | ||
| 020 | _a9780394555096 (acidfree paper) | ||
| 020 | _a0394555090 (acid-free paper) | ||
| 040 |
_aDLC _cDLC _dDLC |
||
| 043 | _an-us--- | ||
| 050 | 0 | 0 |
_aE757 _b.M885 2001 |
| 082 | 0 | 0 |
_a973.91/1 _221 |
| 099 | _aROOSE T | ||
| 100 | 1 | _aMorris, Edmund. | |
| 245 | 1 | 0 |
_aTheodore Rex / _cEdmund Morris, Edmund Morris & Edmund Morris. |
| 250 | _a1st ed. | ||
| 260 |
_aNew York : _bRandom House, _cc2001. |
||
| 300 |
_ax, 772 p. : _bill., maps ; _c25 cm. |
||
| 500 | _aContinues: The rise of Theodore Roosevelt. | ||
| 500 | _aContinued by: Colonel Roosevelt. | ||
| 504 | _aIncludes bibliographical references (p. [563]-571) and index. | ||
| 600 | 1 | 0 |
_aRoosevelt, Theodore, _d1858-1919. |
| 650 | 0 |
_aPresidents _vBiography. _zUnited States |
|
| 650 | 0 | _aRoosevelt, Theodore | |
| 651 | 0 |
_aUnited States _xPolitics and government _y1901-1909. |
|
| 700 | 1 |
_aMorris, Edmund. _tRise of Theodore Roosevelt. |
|
| 700 | 1 |
_aMorris, Edmund. _tColonel Roosevelt. |
|
| 856 | 4 | 2 |
_3Contributor biographical information _uhttp://www.loc.gov/catdir/bios/random053/2001019366.html |
| 856 | 4 | 1 |
_3Sample text _uhttp://www.loc.gov/catdir/samples/random044/2001019366.html |
| 856 | 4 | 2 |
_3Publisher description _uhttp://www.loc.gov/catdir/description/random0411/2001019366.html |
| 001 | data | ||
| 999 |
_c1044 _d1044 |
||